000 00412nam a2200121 a 4500
008 120416s1971 xx |||||||||||||| || u
050 _aTS 227 Woo
100 _aWoods, Peter F
245 1 0 _aFundamentals of welding skills
260 _c1971
350 _a0.00
995 _D0.00
_FCBU-MAIN LIBRARY (Kitwe)
_H1
_I3.95
_UAVAILABLE
_ZAnnex Low-Usage Collection
999 _c44218
_d44218